Normal view MARC view

Entry Personal Name

Number of records used in: 1

001 - CONTROL NUMBER

  • control field: 62732

003 - CONTROL NUMBER IDENTIFIER

  • control field: dpl

005 - DATE AND TIME OF LATEST TRANSACTION

  • control field: 20240301155947.0

008 - FIXED-LENGTH DATA ELEMENTS

  • fixed length control field: 240301|| aca||aabn | a|a d

040 ## - CATALOGING SOURCE

  • Original cataloging agency: dpl
  • Transcribing agency: dpl

100 ## - HEADING--PERSONAL NAME

  • Personal name: Pal G K

670 ## - SOURCE DATA FOUND

  • Source citation: Work cat.: (dpl)201200: Pal G K, Textbook Of Practicl Physiology/

© Delhi Public Library
Hit Counter
free hit counter